|
|
|
|
| LEADER |
00000nam0a2200000 4500 |
| 001 |
191897 |
| 005 |
20231031180913.0 |
| 035 |
|
|
|a (RuTPU)RU\TPU\book\209261
|
| 090 |
|
|
|a 191897
|
| 100 |
|
|
|a 20110214d1988 k y0rusy50 ca
|
| 101 |
0 |
|
|a rus
|
| 102 |
|
|
|a RU
|
| 105 |
|
|
|a a z 001zy
|
| 200 |
1 |
|
|a Теплофизика и динамика интенсивных импульсных воздействий
|f А. В. Бушман [и др.]
|g Академия наук СССР (АН СССР), Институт химической физики им. Н. Н. Семенова (ИХФ) ; Академия наук СССР (АН СССР), Институт высоких температур (ИВТ)
|
| 210 |
|
|
|a Черноголовка
|c [Б. и.]
|d 1988
|
| 215 |
|
|
|a 199 с.
|c ил.
|
| 320 |
|
|
|a Библиогр.: с. 187-198.
|
| 610 |
1 |
|
|a теплофизика
|
| 610 |
1 |
|
|a механика сплошных сред
|
| 610 |
1 |
|
|a экспериментальная техника
|
| 610 |
1 |
|
|a динамическое давление
|
| 610 |
1 |
|
|a упруго-пластические свойства
|
| 610 |
1 |
|
|a твердые тела
|
| 610 |
1 |
|
|a ударно-волновое нагружение
|
| 610 |
1 |
|
|a полиморфные переходы
|
| 610 |
1 |
|
|a импульсное воздействие
|
| 610 |
1 |
|
|a ударные волны
|
| 610 |
1 |
|
|a детонационные волны
|
| 610 |
1 |
|
|a взрывчатые вещества
|
| 610 |
1 |
|
|a широкодиапазонные уравнения
|
| 610 |
1 |
|
|a металлы
|
| 610 |
1 |
|
|a термодинамические свойства
|
| 610 |
1 |
|
|a конденсированные среды
|
| 675 |
|
|
|a 536.45
|v 3
|
| 675 |
|
|
|a 539.89
|v 3
|
| 701 |
|
1 |
|a Бушман
|b А. В.
|
| 701 |
|
1 |
|a Канель
|b Г. И.
|
| 701 |
|
1 |
|a Ни
|b А. Л.
|
| 701 |
|
1 |
|a Фортов
|b В. Е.
|
| 712 |
0 |
2 |
|a Академия наук СССР (АН СССР)
|b Институт химической физики им. Н. Н. Семенова (ИХФ)
|c (Москва)
|2 stltpush
|3 (RuTPU)RU\TPU\col\1482
|
| 712 |
0 |
2 |
|a Академия наук СССР (АН СССР)
|b Институт высоких температур (ИВТ)
|c (Москва)
|2 stltpush
|3 (RuTPU)RU\TPU\col\12055
|
| 801 |
|
1 |
|a RU
|b 63413507
|c 20110214
|
| 801 |
|
2 |
|a RU
|b 63413507
|c 20190605
|g RCR
|
| 942 |
|
|
|c BK
|